Culture Générale - Série 2069 - Statistiques

Statistiques générales
  • Ce quiz a été pris 99 fois
  • Le résultat moyen est 4 sur 10
Statistiques - réponses
Question Réponse % Correct
Quel est le pays voisin de la France dont la devise nationale est "L'union fait la force" ? Belgique
91%
Quel terme désigne un bidonville brésilien situé sur un terrain occupé illégalement et contrôlé le plus souvent par des trafiquants de drogue ? favela
81%
Un autre pays européen cher à Sylvie Vartan a la même devise? Bulgarie
69%
Dans un match de football, comment appelle-t-on le défenseur qui porte en général le numéro 5 ? libero
55%
Quel mot construit à partir de l'onomatopée du cri du jeune poussin peut désigner un jeune fantassin ? pioupiou
51%
Dans le monde de la tauromachie, quel prénom féminin est donné à une passe de cape ? Véronique
26%
Comment appelle-t-on également le grand serpent aquatique "anaconda" ? eunecte
22%
Comment appelle-t-on la grande plaine située au centre de l'Auvergne, essentiellement dans le département du Puy-de-Dôme ? Limagne
22%
Quel avocat, homme politique français, né en 1904, prénommé Jean, assassiné en 1944, repose au Panthéon depuis 2015 ? voir photo Jean Zay
19%
Quel adjectif de 12 lettres commençant par " o " est synonyme de : fat, impertinent, prétentieux outrecuidant
6%
Aucun quiz correspondant
Distribution des résultats
% des personnes avec chaque résultat
Percentile par nombre de réponses
Votre historique - résultats
Vous n’avez pas pris ce quiz